Catalog

Record Details

Catalog Search



Available copies

  • 1 of 1 copy available at LARL/NWRL Consortium.

Current holds

0 current holds with 1 total copy.

Show Only Available Copies
Location Call Number / Copy Notes Barcode Shelving Location Status Due Date
Godel Memorial-Warren Library j RUS (Text) 35500006900482 Main Available -

Record details

  • ISBN: 9781471198151
  • ISBN: 1471198154
  • Physical Description: 243 pages : illustrations (black and white) ; 20 ... Read More
  • Publisher: London, UK : Simon & Schuster Children's, 2017.

Content descriptions

Summary, etc.:
Nikki Maxwell has the worst luck. Of all the ... Read More
Subject: Maxwell, Nikki J. > Juvenile fiction.
Diary fiction, American.
Students > Juvenile fiction.
Enemies > Juvenile fiction.
Friendship > Juvenile fiction.
Drama > Juvenile fiction.
Children's stories, American.
Maxwell, Nikki J.
Students
Friendship
Enemies
Drama
Children's stories, American
Diary fiction, American
Genre: Fiction
Juvenile works
LDR 02575cam a2200565 i 4500
001474850
003LARL_NWRL_CONSORTIUM
00520251113153930.0
008220222t20172016enka j 000 f eng d
040 . ‡aCD5 ‡beng ‡erda ‡cCD5 ‡dOCLCO ‡dXY4 ‡dOCLCQ ‡dVYG ‡dOCL ‡dOCLCO ‡dOCLCL ‡dOCLCQ ‡dOCLCL
020 . ‡a9781471198151
020 . ‡a1471198154
035 . ‡a(OCoLC)1298722650
08204. ‡a813.6 ‡223
1001 . ‡aRussell, Rachel Renée, ‡eauthor. ‡0(LARL_NWRL_CONSORTIUM)199867
24510. ‡aFrenemies forever / ‡cRachel Renée Russell.
264 1. ‡aLondon, UK : ‡bSimon & Schuster Children's, ‡c2017.
300 . ‡a243 pages : ‡billustrations (black and white) ; ‡c20 cm
336 . ‡atext ‡btxt ‡2rdacontent
336 . ‡astill image ‡bsti ‡2rdacontent
337 . ‡aunmediated ‡bn ‡2rdamedia
338 . ‡avolume ‡bnc ‡2rdacarrier
4900 . ‡aDork diaries ; ‡v11
520 . ‡aNikki Maxwell has the worst luck. Of all the schools she could have been assigned to for the student exchange week program, she's stuck at North Hampton Hills, her arch nemesis MacKenzie Hollister's new school. Even worse, there might just be someone at NHH who can out-MacKenzie MacKenzie! At least Nikki can write about every moment of drama in her diary, so listeners won't miss a moment of it. Can the queen of dorks survive a week at the head CCP's new school or will it be a dorky disaster?
60010. ‡aMaxwell, Nikki J. ‡vJuvenile fiction.
650 0. ‡aDiary fiction, American. ‡0(LARL_NWRL_CONSORTIUM)41409
650 0. ‡aStudents ‡vJuvenile fiction.
650 0. ‡aEnemies ‡vJuvenile fiction.
650 0. ‡aFriendship ‡vJuvenile fiction. ‡0(LARL_NWRL_CONSORTIUM)164914
650 0. ‡aDrama ‡vJuvenile fiction.
650 0. ‡aChildren's stories, American. ‡0(LARL_NWRL_CONSORTIUM)16467
60017. ‡aMaxwell, Nikki J. ‡2fast
650 7. ‡aStudents ‡2fast ‡0(LARL_NWRL_CONSORTIUM)32040
650 7. ‡aFriendship ‡2fast ‡0(LARL_NWRL_CONSORTIUM)20818
650 7. ‡aEnemies ‡2fast ‡0(LARL_NWRL_CONSORTIUM)40432
650 7. ‡aDrama ‡2fast ‡0(LARL_NWRL_CONSORTIUM)18758
650 7. ‡aChildren's stories, American ‡2fast ‡0(LARL_NWRL_CONSORTIUM)16467
650 7. ‡aDiary fiction, American ‡2fast ‡0(LARL_NWRL_CONSORTIUM)41409
655 7. ‡aFiction ‡2fast
655 7. ‡aJuvenile works ‡2fast
901 . ‡a474850 ‡bAUTOGEN ‡c474850 ‡tbiblio

Additional Resources